Špecifické črty účtovníctva komerčných poisťovní v Českej republike

Sektor poisťovníctva vykazuje oproti iným podnikateľským odvetviam mnohé špecifické črty. Právna úprava poisťovníctva v Českej republike. Účtovná osnova pre komerčné poisťovne a účtovanie v jednotlivých účtových triedach.

Salvato in:
Dettagli Bibliografici
Autore principale: Čejková, Viktória
Altri autori: Valouch, Petr
Natura: Capitolo di libro
Lingua:slovacco
Soggetti:
Tags: Aggiungi Tag
Nessun Tag, puoi essere il primo ad aggiungerne!!

MARC

LEADER 00000naa$a2200000$$$4500
001 0005638
005 20221207104727.8
041 0 |a slo 
044 |a SK 
245 1 0 |a Špecifické črty účtovníctva komerčných poisťovní v Českej republike  |c aut. Viktória Čejková, Petr Valouch 
520 |a Sektor poisťovníctva vykazuje oproti iným podnikateľským odvetviam mnohé špecifické črty. Právna úprava poisťovníctva v Českej republike. Účtovná osnova pre komerčné poisťovne a účtovanie v jednotlivých účtových triedach. 
610 2 0 |a účtovníctvo 
610 2 0 |a poisťovne komerčné 
610 2 0 |a Česko 
610 2 0 |a legislatíva 
610 2 0 |a osnova účtová 
610 2 0 |a triedy účtové 
100 1 |a Čejková, Viktória 
700 1 |a Valouch, Petr